000 01074nam a22002777a 4500
999 _c114544
_d114544
003 dpl
005 20181222153434.0
008 181222b ||||| |||| 00| 0 eng d
010 _aA-931653,A-931676
020 _c150.00
_a818711015
035 _aA-931653,A-931676
037 _bCen Lib/Ret
040 _aDPL
_bHN
_c0
082 _a
_bखुराना
100 _aखुराना, गुरुदीप
_957251
245 _aलहरों के पास /
_cगुरुदीप खुराना
246 _aLehron ke paas /
_bby Gurudeep Khurana
260 _aदिल्ली
_bमेधा बुक्स
_c1997
270 _aएक्स-11, नवीन शाहदरा
_bदिल्ली
_e110032
300 _a163पृ.
_c21सेमी (सजिल्द)
650 _aहिन्दी -- साहित्य
_957252
650 _aहिन्दी -- उपन्यास
_957253
650 _aHindi -- Literature
_957254
650 _aHindi -- Fiction
_927248
942 _2ddc
_cHN
_h
_mखुराना